Every Song by Rainbow - Statistics

General Stats
  • This quiz has been taken 22 times
    21 since last reset
  • The average score is 18 of 71
Answer Stats
Album Song % Correct
Rising(1976) Stargazer
86%
Ritchie Blackmore's Rainbow(1975) Catch the Rainbow
79%
Long Live Rock 'n' Roll(1978) Long Live Rock 'n' Roll
79%
Ritchie Blackmore's Rainbow(1975) Man on the Silver Mountain
79%
Long Live Rock 'n' Roll(1978) Gates of Babylon
64%
Rising(1976) Tarot Woman
64%
Rising(1976) A Light in the Black
57%
Down to Earth(1979) All Night Long
57%
Down to Earth(1979) Eyes of the World
57%
Long Live Rock 'n' Roll(1978) The Shed (Subtle)
57%
Ritchie Blackmore's Rainbow(1975) The Temple of the King
57%
Rising(1976) Do You Close Your Eyes
50%
Long Live Rock 'n' Roll(1978) Kill the King
50%
Ritchie Blackmore's Rainbow(1975) Sixteenth Century Greensleeves
50%
Non-Album(2018) Black Sheep of the Family
43%
Down to Earth(1979) Danger Zone
43%
Down to Earth(1979) Lost in Hollywood
43%
Down to Earth(1979) Makin' Love
43%
Rising(1976) Run with the Wolf
43%
Ritchie Blackmore's Rainbow(1975) Snake Charmer
43%
Rising(1976) Starstruck
43%
Down to Earth(1979) Love's No Friend
36%
Down to Earth(1979) No Time to Lose
36%
Long Live Rock 'n' Roll(1978) Rainbow Eyes
36%
Difficult to Cure(1981) Spotlight Kid
36%
Down to Earth(Bonus)(2011) Weiss Heim
29%
Stranger in Us All(1995) Black Masquerade
21%
Difficult to Cure(1981) Difficult to Cure
21%
Ritchie Blackmore's Rainbow(1975) If You Don't Like Rock 'n' Roll
21%
Long Live Rock 'n' Roll(1978) L.A. Connection
21%
Long Live Rock 'n' Roll(1978) Lady of the Lake
21%
Ritchie Blackmore's Rainbow(1975) Self Portrait
21%
Straight Between the Eyes(1982) Stone Cold
21%
Stranger in Us All(1995) Ariel
14%
Bent Out of Shape(1983) Can't Let You Go
14%
Straight Between the Eyes(1982) Death Alley Driver
14%
Down to Earth(Bonus)(2011) Bad Girl
14%
Straight Between the Eyes(1982) Eyes of Fire
14%
Bent Out of Shape(1983) Fire Dance
14%
Difficult to Cure(1981) Magic
14%
Bent Out of Shape(1983) Make Your Move
14%
Difficult to Cure(1981) No Release
14%
Long Live Rock 'n' Roll(1978) Sensitive to Light
14%
Bent Out of Shape(1983) Stranded
14%
Bent Out of Shape(1983) Street of Dreams
14%
Non-Album(2019) The Storm
14%
Bent Out of Shape(1983) Anybody There
7%
Straight Between the Eyes(1982) Bring On the Night (Dream Chaser)
7%
Difficult to Cure(1981) Can't Happen Here
7%
Stranger in Us All(1995) Cold Hearted Woman
7%
Bent Out of Shape(1983) Desperate Heart
7%
Bent Out of Shape(1983) Drinking with the Devil
7%
Bent Out of Shape(1983) Fool for the Night
7%
Difficult to Cure(1981) Freedom Fighter
7%
Stranger in Us All(1995) Hunting Humans (Insatiable)
7%
Non-Album(1981) Jealous Lover
7%
Difficult to Cure(1981) Midtown Tunnel Vision
7%
Straight Between the Eyes(1982) MISS Mistreated
7%
Straight Between the Eyes(1982) Power
7%
Straight Between the Eyes(1982) Rock Fever
7%
Stranger in Us All(1995) Silence
7%
Stranger in Us All(1995) Stand and Fight
7%
Straight Between the Eyes(1982) Tearin' Out My Heart
7%
Straight Between the Eyes(1982) Tite Squeeze
7%
Stranger in Us All(1995) Wolf to the Moon
7%
Down to Earth(Bonus)(2011) Ain't a Lot of Love in the Heart of Me
0%
Stranger in Us All(Bonus)(1995) Emotional Crime
0%
Down to Earth(Bonus)(2011) Spark Don't Mean a Fire
0%
Stranger in Us All(1995) Too Late for Tears
0%
Difficult to Cure(1981) Vielleicht Das Nächste Mal (Maybe Next Time)
0%
Memories in Rock II(2018) Waiting for a Sign
0%
No matching quizzes found
Score Distribution
Percent of People with Each Score
Percentile by Number Answered
Your Score History
You have not taken this quiz since the last reset